Revue des livres (notice n° 1618796)
[ vue normale ]
| 000 -LEADER | |
|---|---|
| fixed length control field | 00792cam a2200157 4500500 |
| 005 - DATE AND TIME OF LATEST TRANSACTION | |
| control field | 20260111090338.0 |
| 041 ## - LANGUAGE CODE | |
| Language code of text/sound track or separate title | fre |
| 042 ## - AUTHENTICATION CODE | |
| Authentication code | dc |
| 100 10 - MAIN ENTRY--PERSONAL NAME | |
| Personal name | Mambrino, Jean |
| Relator term | author |
| 245 00 - TITLE STATEMENT | |
| Title | Revue des livres |
| 260 ## - PUBLICATION, DISTRIBUTION, ETC. | |
| Date of publication, distribution, etc. | 2002.<br/> |
| 500 ## - GENERAL NOTE | |
| General note | 15 |
| 520 ## - SUMMARY, ETC. | |
| Summary, etc. | RésuméLes prodigieuses investigations à travers la culture occidentale, les sagesses et les religions ont pour seul but de manifester comment, dans le Christ et dans sa Pâque, resplendit l’apparition – unique dans toute l’histoire, totale pour ceux qui l’accueillent et définitive pour toute l’humanité – d’un Dieu qui n’est qu’Amour. |
| 786 0# - DATA SOURCE ENTRY | |
| Note | Études | 396 | 6 | 2002-06-01 | p. 844-863 | 0014-1941 |
| 856 41 - ELECTRONIC LOCATION AND ACCESS | |
| Uniform Resource Identifier | <a href="https://shs.cairn.info/revue-etudes-2002-6-page-844?lang=fr&redirect-ssocas=7080">https://shs.cairn.info/revue-etudes-2002-6-page-844?lang=fr&redirect-ssocas=7080</a> |
Pas d'exemplaire disponible.




Réseaux sociaux